000 00854nam a22002177a 4500
005 20251108165853.0
008 250721s1969 xx 000 0 ara d
082 1 4 _aم/630.711/فيب
100 1 _aفيبس، لويد ج
245 1 0 _aالمرجع في تدريس الزراعة المهنية /
264 1 _aالقاهرة :
_bعالم الكتب،
_c1969.
300 _a1112ص : مص
490 0 _aمجموعة الكتب الدراسية والمراجع الأمريكية المترجمة
500 _aنشر هذا الكتاب بالأشتراك مع مؤسسة فرانكلين للطباعة والنشر
650 1 7 _aالزراعة
650 1 7 _aدراسة وتدريس
700 1 _aعبد العزيز، عبد الحميد فوزي
_eترجمة
700 1 _aعمر، أحمد محمد
942 _2ddc
_cREF
999 _c33470
_d33470